01163nas a2200265Ia 4500001001100000003000900011008004100020040001300061040001300074041001300087100004800100210001600148222001600164245009400180250001100274260003000285501008600315300001700401362003300418500016900451650003600620942000700656999001900663952021500682R412/38427IT-RoPAU151124c99999999xx |||||||||||| ||und|| aIT-RoPAU cIT-RoPAU aITALIANO aRodriguez AlbertogCodice Aut. SPICS: 17101 aMUSICA JAZZ aMusica Jazz aMUSICA JAZZ (ANNO 38-N.01)-GENNAIO 1982bJohn Coltrane: Il Poetico Approdo Nel Misticismo a1a ed. aMILANObMUSICA JAZZc1982 bPaulus - SPICS - Società San Paolo EM (non-commercial uses only)cCopyright2015 a7 p. [22-28] aANNO 038, N.01)-GENNAIO 1982 aTerza Parte del Profilo del Sassofonista Maericano Relativa All'Ultimo Disco Pubblicato. Passaggio Alla New Thing. Discografia Essenziale. Collaborazioni con Altri. aMUSICAvPUBBLICAZIONE PERIODICA cCR c163661d163661 0010406R_412_38427000000000071aSPICSbSPICSd2015-11-25l0oR412/38427r2015-11-25 00:00:00w2015-11-25yCRzProgr. Ins: 74900 / Copia rara: NO / date import: 25.11.2015 / By Epidotti, Trombetti, Vaglietti